The tide / (Record no. 797985)

MARC details
000 -LEADER
fixed length control field 00503nam a22001697a 4500
003 - CONTROL NUMBER IDENTIFIER
control field 3228
005 - DATE AND TIME OF LATEST TRANSACTION
control field 20260507124117.0
008 - FIXED-LENGTH DATA ELEMENTS--GENERAL INFORMATION
fixed length control field 260507b sa ||||| |||| 00| 0 eng d
020 ## - INTERNATIONAL STANDARD BOOK NUMBER
International Standard Book Number 9781788810869 (paperback)
040 ## - CATALOGING SOURCE
Original cataloging agency MPL
Language of cataloging English
Transcribing agency 3228
082 #0 - DEWEY DECIMAL CLASSIFICATION NUMBER
Classification number EKF WELS
100 ## - MAIN ENTRY--PERSONAL NAME
9 (RLIN) 199487
Personal name Welsh, Clare Helen
245 ## - TITLE STATEMENT
Title The tide /
Statement of responsibility, etc. Clare Helen Welsh & Ashling Lindsay
260 ## - PUBLICATION, DISTRIBUTION, ETC.
Place of publication, distribution, etc. London:
Name of publisher, distributor, etc. Little Tiger Press;
Date of publication, distribution, etc. 2020.
300 ## - PHYSICAL DESCRIPTION
Extent [Unnumbered];
Other physical details Colour illustrations,
Dimensions 28 cm
942 ## - ADDED ENTRY ELEMENTS
Source of classification or shelving scheme Dewey Decimal Classification
item type Book
-- 162
-- Elsie Maluleke
-- 162
-- Elsie Maluleke
Holdings
Withdrawn status Lost status Source of classification or shelving scheme Damaged status Not for loan Home library Current library Date acquired Total Checkouts Full call number Barcode Date last seen Price effective from item type
    Dewey Decimal Classification     LYDENBURG REGIONAL LIBRARY Graskop 07.05.2026   EKF WELS 33228031104349 07.05.2026 07.05.2026 Book